1579 1254 1657 1809 1457 1863 1204 1833 1698 1610 1141 1299 1057 1623 1288 1197 1715 1303 1016 1550 1756 1076 1475 1952 1127 1474 1780 1416 1270 1472 1710 1426 1121 1797 1841 1611 1759 1558 1596 1408 1071 1994 1655 1689 1448 1484 1832 1582 1639 1090 1726 1077 1388 1719 1144 1708 1008 1067 1110 1589 1919 1717 1984 1702 1678 1103 1494 1888 1815 1867 1733 1175 1276 1405 2000 1946 1068 1668 1961 1675 1162 1041 1958 1539 1535 1732 1981 1009 1149 1643 1409 1067 1249 1529 1104 1849 1982 1923 1820 BCNSPRNW ULIB Ver.6.0+V

เปลี่ยนเป็นภาษาไทย

Change to English
 แสดงรายละเอียดบรรณานุกรม
  กลับหน้าหลัก

Brief Record : Get Marc (ISO 2709) : E-mail record : QR code < ปิดหน้าต่าง
LEADER : 00000nam 2200000uu 4500
001    13399113850
003     ULIB
008    120110s||||||||th 000 0 tha d
099    วจ.WY18.2^bป145น
100 0  ปฐมามาศ โชติบัณ
245 00 นวัตกรรมชุดหุ่นฝึกทักษะการปฏิบัติการพยาบาล/^cปฐมามาศ โชติบัณ,กิตติพร เนาว์สุวรรณ,จรูญรัตน์ รอดเนียม และ ธารินี นนทพุทธ
260    สงขลา :^bวิทยาลัยพยาบาลบรมราชชนนี สงขลา,^c2554
300    88 หน้า :^bตาราง
500    รายงานการวิจัย
650  7 หุ่นช่วยฝึก^xวิจัย
650  7 นวัตกรรม^xวิจัย
700 02 กิตติพร เนาว์สุวรรณ
700 02 จรูญรัตน์ รอดเนียม
700 02 ธารินี นนทพุทธ
710 1  วิทยาลัยพยาบาลบรมราชชนนี สงขลา
945    ^p0^l0^i030918
995    ทศพร
999 ^a ทศพร
รายการนี้ยังไม่มีแท็ก
คุณยังไม่ได้ล็อกอิน คุณสามารถมีกิจกรรมร่วมกับเว็บไซต์ได้ แต่ต้องล็อกอินก่อน ::
  ล็อกอิน

รายการสื่อสารสนเทศ

ลำดับที่ ประเภท เลขเรียก/บาร์โค้ด สถานที่ สถานะ
1. งานวิจัย
งานวิจัย
วจ.WY18.2 ป145น ฉ.1 
  Barcode: 030918
ห้องสมุดวิทยาเขตสวรรค์ประชารักษ์
►วิจัย
บนชั้น

รายการใกล้เคียง
    ผู้แต่ง [ปฐมามาศ โชติบัณ]

BibComment


ยังไม่เคยถูกคอมเมนท์

คอมเมนท์ทรัพยากรรายการนี้
  คอมเมนท์: นวัตกรรมชุดหุ่นฝึ..


 Copyright 2026. Bcnsprnw @Library